[Event "Antioquia op"]
[Site "Antioquia"]
[Date "2020.03.05"]
[Round "4"]
[White "Hincapie Uribe, Eduardo"]
[Black "Rodriguez Munoz, Cesar Esteban"]
[Result "0-1"]
[WhiteElo "1480"]
[BlackElo "1893"]
[PlyCount "168"]
[EventDate "2020.03.03"]
[EventType "swiss"]
[EventRounds "9"]
[EventCountry "COL"]
[SourceTitle "CBM 195 Extra"]
[Source "ChessBase"]
[SourceDate "2020.05.31"]
[SourceVersion "1"]
[SourceVersionDate "2020.05.31"]
[SourceQuality "1"]

1. e4 c6 2. d4 d5 3. exd5 cxd5 4. c4 Nf6 5. Nc3 Nc6 6. Nf3 Bg4 7. cxd5 Nxd5 8. Qb3 Nb6 9. d5 Bxf3 10. gxf3 Nd4 11. Bb5+ Nd7 12. Qd1 Nxb5 13. Nxb5 Qa5+ 14. Nc3 g6 15. Qd4 Nf6 16. d6 Rd8 17. Bf4 Bg7 18. 0-0-0 Nh5 19. Qe3 e6 20. Bg5 Bf6 21. Bxf6 Nxf6 22. Qd4 Qg5+ 23. Qe3 Qxe3+ 24. fxe3 0-0 25. Rd3 Rd7 26. Rhd1 Rc8 27. Kb1 Rc6 28. Nb5 a6 29. Na7 Rc5 30. Rc1 Rxc1+ 31. Kxc1 Ne8 32. Nc8 e5 33. e4 f6 34. Rb3 Kf7 35. Rb6 Ke6 36. Kc2 Rd8 37. Ne7 Nxd6 38. Nd5 f5 39. Ne3 fxe4 40. fxe4 Kf7 41. Ng4 Ke6 42. Ne3 Kd7 43. Ng4 Kc7 44. Rb4 Rf8 45. Nxe5 Re8 46. Ng4 Rxe4 47. Rxe4 Nxe4 48. Kd3 Ng5 49. Ke3 Kd6 50. Kf4 Ne6+ 51. Ke4 Nc5+ 52. Kd4 b6 53. Nf6 h5 54. Nh7 Ke6 55. b4 Nd7 56. Ng5+ Kf5 57. Nf7 Nf6 58. Nd6+ Ke6 59. Nc4 Nd5 60. a3 g5 61. Ne5 g4 62. Ng6 Nc7 63. Nf4+ Kf5 64. Nxh5 Nb5+ 65. Kd3 Nxa3 66. Ng7+ Kg5 67. Ne6+ Kh4 68. Nf4 Kg5 69. Ne6+ Kf5 70. Ng7+ Kf4 71. Nh5+ Kf3 72. Nf6 b5 73. Nh7 Nc4 74. Nf6 Ne3 75. Kd4 Kf4 76. Kc5 Nc4 77. Kd4 Kf3 78. Kd3 Ne3 79. Kd4 Kf4 80. Kc5 Ke5 81. Nxg4+ Nxg4 82. Kb6 Kd5 83. Kxa6 Kc4 84. Ka5 Nxh2 0-1

[Event "COL-ch U16 sf1"]
[Site "Duitama"]
[Date "2019.04.12"]
[Round "3.5"]
[White "Guarin Fonseca, Nobel Alfredo"]
[Black "Hincapie Uribe, Eduardo"]
[Result "0-1"]
[WhiteElo "1397"]
[BlackElo "1386"]
[PlyCount "130"]
[EventDate "2019.04.11"]
[EventType "swiss"]
[EventRounds "6"]
[EventCountry "COL"]
[SourceTitle "EXT 2024"]
[Source "ChessBase"]
[SourceDate "2023.10.10"]
[SourceVersion "1"]
[SourceVersionDate "2023.10.10"]
[SourceQuality "1"]

1. e4 e6 2. d4 d5 3. e5 c5 4. c3 Nc6 5. Nf3 Qb6 6. a3 Bd7 7. b4 cxd4 8. cxd4 a6 9. Nc3 Rc8 10. Bb2 Nge7 11. Na4 Qa7 12. Nc5 Ng6 13. Nxd7 Kxd7 14. g3 Be7 15. Bh3 Rhd8 16. 0-0 Ke8 17. Kh1 Rc7 18. Ne1 Bf8 19. f4 Nge7 20. Rc1 Rdc8 21. f5 exf5 22. Bxf5 Nxf5 23. Rxf5 g6 24. Rf1 Nd8 25. Rxc7 Rxc7 26. Qf3 Rd7 27. Nd3 Ne6 28. Nf4 Nxf4 29. Qxf4 Qb6 30. Bc3 Qe6 31. Bb2 Rc7 32. Rc1 Rxc1+ 33. Bxc1 Bg7 34. Bb2 Qh3 35. Qf3 Qe6 36. Qf4 Qc6 37. Qc1 Kd7 38. Qxc6+ bxc6 39. a4 Kc7 40. a5 Bh6 41. Bc3 Kd7 42. Kg2 Ke6 43. g4 Bg5 44. Kg3 f6 45. h4 Bc1 46. exf6 Kxf6 47. Kf3 h6 48. Kg3 h5 49. gxh5 gxh5 50. Kg2 Kf5 51. Kf3 Ba3 52. Bd2 Bb2 53. Ke3 Kg4 54. Be1 Bc1+ 55. Ke2 Bf4 56. Bf2 Bd6 57. Be1 Kf4 58. Kd3 Kf3 59. Bd2 Bf4 60. Be1 Be3 61. Bg3 Kxg3 62. Kxe3 Kg4 63. Kf2 Kf4 64. Kg2 Ke4 65. Kf2 Kxd4 0-1

[Event "COL-ch"]
[Site "Bogota"]
[Date "2018.11.07"]
[Round "2"]
[White "Londono Lopez, Donaldo Eliuver"]
[Black "Hincapie Uribe, Eduardo"]
[Result "1-0"]
[WhiteElo "1847"]
[BlackElo "1531"]
[PlyCount "74"]
[EventDate "2018.11.06"]
[EventType "swiss"]
[EventRounds "9"]
[EventCountry "COL"]
[SourceTitle "CBM 187 Extra"]
[Source "ChessBase"]
[SourceDate "2018.11.04"]
[SourceVersion "1"]
[SourceVersionDate "2018.11.04"]
[SourceQuality "1"]

1. e4 e6 2. d4 d5 3. Nc3 dxe4 4. Nxe4 Nd7 5. Bd3 Ngf6 6. Nf3 Be7 7. 0-0 b6 8. Nxf6+ Nxf6 9. Ne5 0-0 10. Nc6 Qd6 11. Nxe7+ Qxe7 12. Bg5 Bb7 13. c3 Qd8 14. Re1 Qd5 15. Qf3 Qxf3 16. gxf3 Bxf3 17. Re3 Bh5 18. Bxf6 gxf6 19. Rae1 Rad8 20. f4 Rfe8 21. f5 e5 22. Bb5 Re7 23. Rh3 Rd5 24. Bc4 Rdd7 25. Rxh5 exd4 26. Rxe7 Rxe7 27. cxd4 Re4 28. Rh3 Rxd4 29. Bb3 Rd2 30. Rc3 c5 31. Rc2 Rd4 32. Re2 a5 33. Bc2 Kf8 34. Kf1 Rd5 35. Ke1 Re5 36. Rxe5 fxe5 37. f6 h6 1-0

[Event "Bogota Mayores Alcaldia op 8th"]
[Site "Bogota"]
[Date "2018.06.10"]
[Round "4"]
[White "Hincapie Uribe, Eduardo"]
[Black "Hernandez, Jeronimo"]
[Result "0-1"]
[WhiteElo "1498"]
[BlackElo "1793"]
[PlyCount "74"]
[EventDate "2018.06.08"]
[EventType "swiss"]
[EventRounds "7"]
[EventCountry "COL"]
[SourceTitle "CBM 184 Extra"]
[Source "ChessBase"]
[SourceDate "2018.06.28"]
[SourceVersion "1"]
[SourceVersionDate "2018.06.28"]
[SourceQuality "1"]

1. e4 c6 2. d4 d5 3. Nc3 dxe4 4. Nxe4 Nd7 5. Nf3 Ngf6 6. Ng3 e6 7. Bg5 Be7 8. Bd3 b6 9. 0-0 0-0 10. Qe2 h6 11. Bxf6 Nxf6 12. c3 Bb7 13. Rad1 Qc7 14. Ne4 Nd5 15. g3 Rad8 16. a3 c5 17. c4 Nf6 18. Nxf6+ Bxf6 19. dxc5 Qxc5 20. b4 Qc6 21. Kg2 Rd4 22. b5 Qc5 23. Kg1 Rdd8 24. a4 Qb4 25. Be4 Bxe4 26. Qxe4 Qxa4 27. Rc1 a6 28. Qc6 axb5 29. cxb5 Qa3 30. Kg2 e5 31. Qxb6 e4 32. Ng1 Rd2 33. Qc5 Qb2 34. Rb1 Qa2 35. Rbc1 Bd4 36. Qf5 e3 37. Qf3 exf2 0-1

[Event "Bogota sf2 U16"]
[Site "Bogota"]
[Date "2018.03.31"]
[Round "5.11"]
[White "Rodriguez Rozo, Edwin Giovanny"]
[Black "Hincapie Uribe, Eduardo"]
[Result "1/2-1/2"]
[WhiteElo "1225"]
[BlackElo "1493"]
[PlyCount "67"]
[EventDate "2018.03.29"]
[EventType "swiss"]
[EventRounds "6"]
[EventCountry "COL"]
[SourceTitle "EXT 2024"]
[Source "ChessBase"]
[SourceDate "2023.10.10"]
[SourceVersion "1"]
[SourceVersionDate "2023.10.10"]
[SourceQuality "1"]

1. e4 e6 2. Nf3 d5 3. Nc3 dxe4 4. Nxe4 Nd7 5. d4 Ngf6 6. Nxf6+ Nxf6 7. Bd3 c5 8. 0-0 cxd4 9. Nxd4 Bc5 10. Be3 0-0 11. a3 Kh8 12. c3 e5 13. Nb3 Bxe3 14. fxe3 e4 15. Bc4 Qxd1 16. Raxd1 b6 17. Rd4 Bb7 18. h3 Rad8 19. Rfd1 Rxd4 20. Nxd4 Rd8 21. g4 Bd5 22. Bb5 Bb7 23. Bc4 a6 24. Kg2 h6 25. Kf2 Kg8 26. Rf1 b5 27. Ba2 Bd5 28. Bb1 Bc4 29. Re1 a5 30. Kg2 g5 31. Kf2 Rd7 32. Rg1 Rd8 33. Ke1 Rd7 34. Rg2 1/2-1/2

[Event "COL-ch sf3 U12"]
[Site "Zipaquira"]
[Date "2017.04.01"]
[Round "5.2"]
[White "Cedeno Chavarro, Daniel Camilo"]
[Black "Hincapie Uribe, Eduardo"]
[Result "1/2-1/2"]
[WhiteElo "1528"]
[BlackElo "1387"]
[PlyCount "97"]
[EventDate "2017.03.30"]
[EventType "swiss"]
[EventRounds "6"]
[EventCountry "COL"]
[SourceTitle "EXT 2024"]
[Source "ChessBase"]
[SourceDate "2023.10.10"]
[SourceVersion "1"]
[SourceVersionDate "2023.10.10"]
[SourceQuality "1"]

1. e4 e6 2. Nf3 d5 3. exd5 exd5 4. d4 Bg4 5. Be2 Nc6 6. Nc3 Bb4 7. Qd3 Nge7 8. a3 Bf5 9. Qe3 Bxc3+ 10. Qxc3 Qd7 11. Bf4 f6 12. 0-0-0 0-0-0 13. Rhe1 g5 14. Bd2 Ng6 15. Bb5 g4 16. Ng1 Rhe8 17. Bxc6 Qxc6 18. Qxc6 bxc6 19. Rxe8 Rxe8 20. Re1 Rxe1+ 21. Bxe1 Kb7 22. f3 Nf4 23. g3 Ne6 24. c3 c5 25. Bf2 cxd4 26. Bxd4 Nxd4 27. cxd4 Kb6 28. Kd2 h5 29. f4 Kb5 30. Kc3 Be4 31. b3 a5 32. a4+ Kb6 33. b4 c6 34. Ne2 Bf3 35. Nc1 Bd1 36. bxa5+ Kxa5 37. Nb3+ Kxa4 38. Nc5+ Kb5 39. Nd7 f5 40. Nf6 Bf3 41. Nxh5 Be4 42. Nf6 c5 43. dxc5 Kxc5 44. Nd7+ Kd6 45. Ne5 Kc5 46. Nd7+ Kd6 47. Ne5 Kc5 48. Nd7+ Kd6 49. Ne5 1/2-1/2

[Event "Bogota Distrital-ch 77th"]
[Site "Bogota"]
[Date "2015.05.01"]
[Round "2"]
[White "Hincapie Uribe, Eduardo"]
[Black "Mena, Yamil Octavio"]
[Result "0-1"]
[WhiteElo "1732"]
[BlackElo "1966"]
[PlyCount "62"]
[EventDate "2015.04.30"]
[EventType "swiss"]
[EventRounds "7"]
[EventCountry "COL"]
[SourceTitle "CBM 166 Extra"]
[Source "ChessBase"]
[SourceDate "2015.06.18"]
[SourceVersion "1"]
[SourceVersionDate "2015.06.18"]
[SourceQuality "1"]

1. e4 e5 2. Nf3 Nc6 3. d4 exd4 4. Nxd4 Nf6 5. Nxc6 bxc6 6. e5 Nd5 7. Bd3 Bc5 8. c4 Qh4 9. Qf3 Nb4 10. Be4 Bxf2+ 11. Kf1 Bd4 12. Qf4 Qxf4+ 13. Bxf4 Bxb2 14. a3 Bxa1 15. axb4 f6 16. exf6 Bxf6 17. b5 0-0 18. Bxc7 Be5+ 19. Ke2 Bxc7 20. bxc6 dxc6 21. Bxc6 Bg4+ 22. Kd3 Rad8+ 23. Kc3 Be5+ 24. Kb4 Rf2 25. Na3 Rb2+ 26. Ka5 Bc3+ 27. Ka4 Rb4+ 28. Ka5 Rb6+ 29. Ka4 Rxc6 30. Kb5 Rb6+ 31. Kc5 Bb4# 0-1

[Event "Bogota Region-ch U12"]
[Site "Bogota"]
[Date "2015.02.08"]
[Round "5.4"]
[White "Cotes Ontibon, Juan Sebastian"]
[Black "Hincapie Uribe, Eduardo"]
[Result "1/2-1/2"]
[WhiteElo "1848"]
[BlackElo "1810"]
[PlyCount "99"]
[EventDate "2015.02.07"]
[EventType "swiss"]
[EventRounds "6"]
[EventCountry "COL"]
[SourceTitle "EXT 2024"]
[Source "ChessBase"]
[SourceDate "2023.10.10"]
[SourceVersion "1"]
[SourceVersionDate "2023.10.10"]
[SourceQuality "1"]

1. e4 e6 2. d4 d5 3. e5 c5 4. c3 Nc6 5. Nf3 Qb6 6. Be3 Be7 7. b3 cxd4 8. Nxd4 Bc5 9. Bb5 Nge7 10. b4 Bxd4 11. Bxc6+ Nxc6 12. Bxd4 Nxd4 13. Qxd4 Qxd4 14. cxd4 0-0 15. Nc3 Bd7 16. Rc1 Rfc8 17. 0-0 Rc7 18. Ne2 Rac8 19. Rxc7 Rxc7 20. Rc1 Rxc1+ 21. Nxc1 Kf8 22. Nd3 Ke8 23. Nc5 Bc6 24. f4 Kd8 25. Kf2 Kc7 26. Ke3 b6 27. Nd3 a5 28. a3 Kb7 29. Kd2 Ka6 30. Kc3 Kb5 31. Kb3 a4+ 32. Kc3 Bb7 33. Nb2 Ba6 34. h3 h6 35. Kd2 Bb7 36. Ke3 Bc6 37. Kf3 f6 38. Kg4 fxe5 39. fxe5 Be8 40. Kf4 Ka6 41. g4 Ka7 42. h4 Kb8 43. g5 hxg5+ 44. Kxg5 Kc8 45. h5 Kd8 46. Nd1 Ke7 47. h6 gxh6+ 48. Kxh6 Kf7 49. Kg5 Kg7 50. Ne3 1/2-1/2

[Event "World School-ch U09 10th"]
[Site "Juiz de Fora"]
[Date "2014.11.29"]
[Round "5"]
[White "Akeya Price, Robert A"]
[Black "Hincapie Uribe, Eduardo"]
[Result "1-0"]
[WhiteElo "1449"]
[BlackElo "1921"]
[PlyCount "71"]
[EventDate "2014.11.26"]
[EventType "swiss"]
[EventRounds "9"]
[EventCountry "BRA"]
[SourceTitle "EXT 2016"]
[Source "ChessBase"]
[SourceDate "2015.10.08"]
[SourceVersion "1"]
[SourceVersionDate "2015.10.08"]
[SourceQuality "1"]

1. d4 Nf6 2. c4 e6 3. Nc3 Bb4 4. e3 d5 5. Bd2 Bd7 6. Bd3 b6 7. Nge2 c5 8. 0-0 0-0 9. Nf4 Bxc3 10. Bxc3 Qc7 11. Rc1 cxd4 12. Bb4 Re8 13. cxd5 Qd8 14. dxe6 Bxe6 15. Nxe6 Rxe6 16. Bc4 Re8 17. Qb3 Qd7 18. Rfd1 Re4 19. Bd3 Rg4 20. exd4 Nc6 21. Bb5 Rc8 22. f3 Rxd4 23. Rxd4 Qxd4+ 24. Kf1 Ne7 25. Rd1 Qe5 26. Bc4 Qh5 27. Bxe7 Qxh2 28. Bxf7+ Kh8 29. Qd3 Qh1+ 30. Kf2 Qh4+ 31. Kg1 h6 32. Bg6 Qg5 33. Qd8+ Rxd8 34. Rxd8+ Ng8 35. Bxg5 hxg5 36. Bf7 1-0

[Event "COL-ch School U13"]
[Site "Bogota"]
[Date "2014.11.14"]
[Round "1.2"]
[White "Perez Valcarcel, Maria Jose"]
[Black "Hincapie Uribe, Eduardo"]
[Result "1-0"]
[WhiteElo "1307"]
[BlackElo "1921"]
[PlyCount "67"]
[EventDate "2014.11.14"]
[EventType "swiss"]
[EventRounds "6"]
[EventCountry "COL"]
[SourceTitle "EXT 2024"]
[Source "ChessBase"]
[SourceDate "2023.10.10"]
[SourceVersion "1"]
[SourceVersionDate "2023.10.10"]
[SourceQuality "1"]

1. e4 e6 2. d4 d5 3. Nc3 Nf6 4. Bg5 Bb4 5. Bxf6 Qxf6 6. e5 Bxc3+ 7. bxc3 Qe7 8. Nf3 c5 9. Bb5+ Bd7 10. Bxd7+ Nxd7 11. 0-0 0-0 12. Re1 f6 13. Qd2 fxe5 14. Nxe5 Nxe5 15. Rxe5 cxd4 16. cxd4 Rf7 17. Rae1 Raf8 18. Rxe6 Qh4 19. f3 Qf4 20. Qxf4 Rxf4 21. c3 b5 22. a3 a5 23. Rb6 b4 24. axb4 axb4 25. Rxb4 Ra8 26. Re5 Ra1+ 27. Kf2 Rh4 28. Rxd5 Rxh2 29. Rd8+ Kf7 30. Rb7+ Kg6 31. Rd6+ Kf5 32. Kg3 Rxg2+ 33. Kxg2 Ra5 34. Kg3 1-0

[Event "Bogota LAB op"]
[Site "Bogota"]
[Date "2014.06.30"]
[Round "6"]
[White "Pinilla Sanchez, Nicolas"]
[Black "Hincapie Uribe, Eduardo"]
[Result "0-1"]
[WhiteElo "1535"]
[BlackElo "1984"]
[PlyCount "66"]
[EventDate "2014.06.27"]
[EventType "swiss"]
[EventRounds "6"]
[EventCountry "COL"]
[SourceTitle "EXT 2015"]
[Source "ChessBase"]
[SourceDate "2014.11.20"]
[SourceVersion "1"]
[SourceVersionDate "2014.11.20"]
[SourceQuality "1"]

1. e4 e6 2. d4 d5 3. e5 c5 4. Nf3 Nc6 5. Be3 a6 6. Nc3 f6 7. exf6 Nxf6 8. Bg5 Be7 9. Bd3 Nd7 10. Qd2 0-0 11. h4 e5 12. Bxe7 Qxe7 13. Nxd5 Qd6 14. Bc4 Kh8 15. Ng5 Nd8 16. Ne4 Qg6 17. Ng3 b5 18. Bd3 Qe6 19. Nc7 Qe7 20. Nxa8 exd4+ 21. Ne2 Ne5 22. 0-0-0 Ng4 23. Qg5 Qe6 24. Nc7 Qxa2 25. Qh5 Nf6 26. Nd5 Nxh5 27. g4 Bxg4 28. Rhg1 Bf3 29. Rg5 Ne6 30. Re5 Nhf4 31. Ndxf4 Nxf4 32. Nxf4 Qa1+ 33. Kd2 Qxd1# 0-1

[Event "COL-ch U10"]
[Site "Bogota"]
[Date "2014.05.31"]
[Round "4"]
[White "Hincapie Uribe, Eduardo"]
[Black "Molano Castano, Juan David"]
[Result "0-1"]
[WhiteElo "1973"]
[BlackElo "1431"]
[PlyCount "30"]
[EventDate "2014.05.29"]
[EventType "swiss"]
[EventRounds "7"]
[EventCountry "COL"]
[SourceTitle "CBM 160 Extra"]
[Source "ChessBase"]
[SourceDate "2014.07.01"]
[SourceVersion "1"]
[SourceVersionDate "2014.07.01"]
[SourceQuality "1"]

1. e4 c5 2. Nf3 Nc6 3. Bc4 e6 4. d3 Nf6 5. Nc3 Be7 6. Bf4 b6 7. Nb5 d6 8. 0-0 0-0 9. Qd2 e5 10. Bg5 Bg4 11. Nh4 Nxe4 12. dxe4 Bxg5 13. Qd5 Ne7 14. Qd3 Bxh4 15. h3 Be6 0-1

[Event "COL-ch U10"]
[Site "Bogota"]
[Date "2014.05.30"]
[Round "2"]
[White "Hincapie Uribe, Eduardo"]
[Black "Florez, Santiago"]
[Result "0-1"]
[WhiteElo "1973"]
[BlackElo "1264"]
[PlyCount "120"]
[EventDate "2014.05.29"]
[EventType "swiss"]
[EventRounds "7"]
[EventCountry "COL"]
[SourceTitle "CBM 160 Extra"]
[Source "ChessBase"]
[SourceDate "2014.07.01"]
[SourceVersion "1"]
[SourceVersionDate "2014.07.01"]
[SourceQuality "1"]

1. d4 d5 2. c4 e6 3. Nc3 Nf6 4. Bg5 Be7 5. Bf4 0-0 6. Nf3 b6 7. a3 Bb7 8. Nb5 Na6 9. e3 c5 10. cxd5 Nxd5 11. Bg3 Qd7 12. Bd3 Qc6 13. Ne5 Qc8 14. Qh5 Nf6 15. Qh3 h6 16. 0-0 Nd7 17. Qg4 Nf6 18. Qe2 Nb8 19. Bc2 Nbd7 20. Nxd7 Qxd7 21. Bh4 Qc6 22. f3 Nd5 23. Qd3 g6 24. Bg3 Rfc8 25. Be5 cxd4 26. Rac1 Qd7 27. Qxd4 Qxb5 28. Bh8 Bf8 29. Bd3 Qe8 30. Rxc8 Rxc8 31. h4 h5 32. g4 f6 33. Bxf6 Qf7 34. Be5 Bg7 35. Bxg7 Qxg7 36. Qe4 Qf7 37. gxh5 gxh5 38. Rf2 Rc1+ 39. Kh2 Qc7+ 40. f4 Qe7 41. Rg2+ Kf8 42. Kg3 Qg7+ 43. Kf2 Qxb2+ 44. Kf3 Qxg2+ 45. Kxg2 Nxe3+ 46. Kf2 Bxe4 47. Bxe4 Ng4+ 48. Kf3 Rc3+ 49. Ke2 Re3+ 50. Kf1 Rxe4 51. Kg2 Re3 52. Kh1 Kf7 53. a4 Kf6 54. a5 bxa5 55. Kg2 a4 56. Kf1 a3 57. Kg1 a2 58. Kh1 a1Q+ 59. Kg2 Qa2+ 60. Kf1 Qf2# 0-1